000 00724cam a2200253 4500
001 J2298
008 090401t1994 xxu||||| |||| 00| 0 eng d
035 _a(Sirsi) u48189
041 _aeng
050 _a693.5
100 _aCollins, R. J.
245 4 _aThe use of recycled aggregates in concrete.
260 _aGarston, Watford
_bBuilding Research Establishment
_c1994
300 _a(4)p. : ill. ; 30cm.
350 _a0
490 _aBRE Information Paper
_v5/94 s
650 _aBUILT ENVIRONMENT-BUILDING MATERIALS
650 _aRECYCLED AGGREGATES
650 _aRECYCLING
690 _aBUILT ENVIRONMENT-BUILDING MATERIALS
710 _aBuilding Research Establishment
942 _n0
948 _c04/03/1997
999 _c92295
_d92295